Les disciplines des jeux panaméricains depuis 1951 - Statistiques

Statistiques générales
  • Ce quiz a été pris 4 fois
  • Le résultat moyen est 34 sur 50
Statistiques - réponses
Domaine Initiale Sports % Correct
Sports principaux A Athlétisme
100%
Sports de raquette B Badminton
100%
Sports d'équipe B Baseball
100%
Sports d'équipe B Basket
100%
Sports de combat B Boxe
100%
Autres sports E Equitation
100%
Sports de combat E Escrime
100%
Sports d'équipe F Football
100%
Autres sports H Haltérophilie
100%
Sports d'équipe H Handball
100%
Sports d'équipe H Hockey-sur-gazon
100%
Sports de combat J Judo
100%
Sports de combat K Karaté
100%
Sports de combat L Lutte
100%
Sports d'eau N Natation
100%
Sports d'eau P Plongeon
100%
Sports d'eau S Surf
100%
Sports de raquette T Tennis
100%
Sports de raquette T Tennis de table
100%
Sports d'eau V Voile
100%
Sports d'équipe W Water-polo
100%
Sports principaux C Cyclisme
75%
Autres sports G Golf
75%
Sports d'eau M Natation {Marathon}
75%
Autres sports P Pentathlon moderne
75%
Sports d'eau S Ski nautique
75%
Sports d'équipe S Softball
75%
Sports de combat T Taekwondo
75%
Sports principaux T Tir
75%
Autres sports T Triathlon
75%
Sports d'eau A Aviron
50%
Sports d'eau C Canoë-kayak
50%
Autres sports E Escalade
50%
Sports principaux G Gymnastique artistique
50%
Sports principaux G Gymnastique rythmique
50%
Sports d'eau N Natation artistique
50%
Sports d'équipe P Polo
50%
Autres sports R Roller
50%
Autres sports T Tir à l'arc
50%
Sports d'équipe B Basket 3x3
25%
Sports d'équipe B Beach volley
25%
Autres sports B Breaking
25%
Sports d'équipe P Pelote basque
25%
Sports de raquette S Squash
25%
Autres sports B Bodybuilding
0%
Autres sports B Bowling
0%
Sports d'équipe F Futsal
0%
Sports de raquette R Racquetball
0%
Sports d'équipe R Rugby à VII
0%
Sports de combat S Sambo
0%
Aucun quiz correspondant
Distribution des résultats
% des personnes avec chaque résultat
Percentile par nombre de réponses
Votre historique - résultats
Vous n’avez pas pris ce quiz